South eastern Europe Albania, Bosnia-Herzegovina, Bulgaria, Croatia, Kosovo
Guardado en:
| Autor Corporativo: | |
|---|---|
| Formato: | Libro |
| Lenguaje: | inglés |
| Publicado: |
Paris
OECD
2003
|
| Colección: | Emerging transition economies
|
| Materias: | |
| Etiquetas: |
Sin Etiquetas, Sea el primero en etiquetar este registro!
|
MARC
| LEADER | 00000nam$a2200000$$$4500 | ||
|---|---|---|---|
| 001 | 0020312 | ||
| 005 | 20240315121254.7 | ||
| 020 | |a 92-64-10071-7 | ||
| 041 | 0 | |a eng | |
| 044 | |a FR | ||
| 245 | 1 | 0 | |a South eastern Europe |b Albania, Bosnia-Herzegovina, Bulgaria, Croatia, Kosovo |
| 264 | 1 | |a Paris |b OECD |c 2003 | |
| 300 | |a 378 s. | ||
| 490 | 1 | |a Emerging transition economies | |
| 830 | 0 | |a Emerging transition economies | |
| 610 | 2 | 0 | |a vzdelávanie |
| 610 | 2 | 0 | |a Albánsko |
| 610 | 2 | 0 | |a Bosna a Hercegovina |
| 610 | 2 | 0 | |a Bulharsko |
| 610 | 2 | 0 | |a Chorvátsko |
| 610 | 2 | 0 | |a Kosovo |
| 610 | 2 | 0 | |a SVE |
| 610 | 2 | 0 | |a sústava výchovno-vzdelávacia |
| 610 | 2 | 0 | |a politika školská |
| 610 | 2 | 0 | |a reformy školské |
| 610 | 2 | 0 | |a porovnanie medzinárodné |
| 710 | 2 | |a OECD - Centre for Co-operation with Non-members | |